NBA Teams By Hint - Statistics

General Stats
  • This quiz has been taken 186 times
  • The average score is 25 of 30
Answer Stats
Hint Team % Correct
MJ team Chicago Bulls
95%
17 Rings Los Angeles Lakers
95%
Famous harbour bridge team Golden State Warriors
92%
The other team from Los Angeles Los Angeles Clippers
91%
First "Dinasty" Boston Celtics
90%
Very hot team Miami Heat
90%
Similar to bees Charlotte Hornets
88%
Similar to deers Milwaukee Bucks
88%
Music time! Utah Jazz
88%
The capital city team Washington Wizards
88%
From a bridge in NYC Brooklyn Nets
87%
NASA team Houston Rockets
86%
Statue of Liberty team New York Knickerbockers
86%
Predators of the sky Atlanta Hawks
85%
Big and brown bears Memphis Grizzlies
85%
California's capital city team Sacramento Kings
84%
We need this team for activating cars' engine Detroit Pistons
83%
Disney World team Orlando Magic
83%
Water Birds New Orleans Pelicans
82%
Here Kennedy died in 1963 Dallas Mavericks
80%
We can eat this chicken food in McDonald's Denver Nuggets
80%
It was "Sonic" Oklahoma City Thunder
80%
Like Tottenham Football Club San Antonio Spurs
80%
Dogs' relatives Minnesota Timberwolves
79%
Not in Maine but in Oregon Portland Trail Blazers
77%
This team is more than 70 years old Philadelphia 76ers
76%
A very fast team Indiana Pacers
75%
This team is a star Phoenix Suns
75%
Armored medieval warriors Cleveland Cavaliers
72%
CN Tower team Toronto Raptors
72%
No matching quizzes found
Score Distribution
Percent of People with Each Score
Percentile by Number Answered
Your Score History
You have not taken this quiz